Score 0/24 Timer 03:00
1 Play Today
Song Missing Word % Correct
When A _____ Loves A WomanMan
95.7%
_____ PieAmerican
94.8%
How Am I Supposed to _____ Without YouLive
94.3%
Ice Ice _____Baby
93.3%
Man in the _____Mirror
91.1%
I Heard It Through the _____Grapevine
90.6%
Livin' La _____ LocaVida
90.5%
Jessie's _____Girl
88.8%
All of _____Me
83%
Gettin' _____ Wit ItJiggy
82.1%
(Sittin' On) The _____ of the BayDock
80.6%
_____ and the JetsBennie
79.7%
Song Missing Word % Correct
_____ From A RoseKiss
76.3%
When _____ CryDoves
73.3%
You've Got a _____Friend
70.3%
_____ YourselfLose
69.5%
A _____ with No NameHorse
68.1%
Thank God I'm a _____ BoyCountry
67.4%
50 Ways to _____ Your LoverLeave
65.8%
_____ on My MindGeorgia
64.4%
Locked Out of _____Heaven
60.5%
_____ MindsSuspicious
60.3%
_____ ShopThrift
56.6%
U Got It _____Bad
51.9%

Today's Daily Dose

Remove Ads.
Support Sporcle.
Get the best of Sporcle when you Go Orange. This ad-free experience offers more features, more stats, and more fun while also helping to support Sporcle. Thank you for becoming a member.

You're not logged in!

Compare scores with friends on all Sporcle quizzes.
OR
Log In

Show Comments

Extras

Top Quizzes Today


Score Distribution

Your Account Isn't Verified!

In order to create a playlist on Sporcle, you need to verify the email address you used during registration. Go to your Sporcle Settings to finish the process.

Report this User

Report this user for behavior that violates our Community Guidelines.

Details: